Como vencer um debate sem precisar ter razao : (Record no. 90765)

MARC details
000 -LEADER
campo de control de longitud fija 00834cam a2200229Ma 4500
001 - NÚMERO DE CONTROL
campo de control 40562
005 - FECHA Y HORA DE LA ÚLTIMA TRANSACCIÓN
campo de control 20230410132942.0
008 - DATOS DE LONGITUD FIJA--INFORMACIÓN GENERAL
campo de control de longitud fija 030604s1997 bl 000 0 por d
035 ## - NÚMERO DE CONTROL DEL SISTEMA
Número de control de sistema (OCoLC)55906003
050 14 - SIGNATURA TOPOGRÁFICA DE LA BIBLIOTECA DEL CONGRESO
Número de clasificación B 3105
Número de ítem S373c 1997
100 1# - ENTRADA PRINCIPAL--NOMBRE DE PERSONA
Nombre de persona Schopenhauer, Arthur,
Fechas asociadas al nombre 1788-1860.
245 10 - MENCIÓN DEL TÍTULO
Título Como vencer um debate sem precisar ter razao :
Resto del título em 38 estratagemas (dialética erística) /
Mención de responsabilidad, etc. Arthur Schopenhauer ; introducao, notas e comentarios de Olavo de Carvalho.
260 ## - PUBLICACIÓN, DISTRIBUCIÓN, ETC.
Lugar de publicación, distribución, etc. Rio de Janeiro :
Nombre del editor, distribuidor, etc. Topbooks,
Fecha de publicación, distribución, etc. 1997.
300 ## - DESCRIPCIÓN FÍSICA
Extensión 258 p.
650 #0 - PUNTO DE ACCESO ADICIONAL DE MATERIA--TÉRMINO DE MATERIA
Término de materia o nombre geográfico como elemento de entrada Philosophy, German
Subdivisión cronológica 19th century.
600 17 - PUNTO DE ACCESO ADICIONAL DE MATERIA--NOMBRE DE PERSONA
Nombre de persona Schopenhauer, Arthur,
Fechas asociadas al nombre 1788-1860.
Fuente del encabezamiento o término larpcal
650 #7 - PUNTO DE ACCESO ADICIONAL DE MATERIA--TÉRMINO DE MATERIA
Término de materia o nombre geográfico como elemento de entrada Filosofía contemporánea
Subdivisión geográfica Alemania.
Fuente del encabezamiento o término larpcal
700 1# - ENTRADA AGREGADA--NOMBRE PERSONAL
Nombre de persona Carvalho, Olavo,
Término indicativo de función/relación coment.
700 1# - ENTRADA AGREGADA--NOMBRE PERSONAL
Nombre de persona Caldas, Daniela,
Término indicativo de función/relación trad.
942 ## - ELEMENTOS DE ENTRADA SECUNDARIOS (KOHA)
Fuente del sistema de clasificación o colocación Clasificación de Library of Congress
Tipo de ítem Koha
994 ## -
-- C0
-- DRFGD
Holdings
Estatus retirado Estado de pérdida Fuente del sistema de clasificación o colocación Estado de daño No para préstamo Colección Biblioteca de origen Biblioteca actual Ubicación en estantería Fecha de adquisición Signatura topográfica completa Código de barras Visto por última vez Copia número Tipo de ítem Koha
    Clasificación de Library of Congress     Humanidades Biblioteca Juan Bosch Biblioteca Juan Bosch Humanidades (4to. Piso) 10/04/2023 B 3105 S373c 1997 00000041453 17/11/2018 1